000 01076njm a22002777a 4500
005 20100918122347.0
006 a|||||r|||||00| 0
007 sd ammalaaahaa
008 100907t xxu||||| |||| 00| 0 eng d
028 _aIND. 1089A
_bCBS
035 _aGR-03587
100 _aSalma Agha
_918693
245 _aKamla /
_cby Salma Agha ; music by Bappi Lahiri; lyric by Gulrez
_h[Sound recording]
246 _aमधुरानी सिंग्स ग़ालिब एंड ओठेर्स /
260 _aDum Dum, India
_bCBS
_c1984
300 _a1 sound disc [Gramophone Recording]
_banalog, 33 1/3rpm ;
_c12 in. (LP)
_fGramaphone Records
500 _aBrief record
500 _aRecord Lables : CBS, Red
505 _aSide-1 (Aaj phir aaine ne) (Salma Agha), --Side-2 (Insaanon nko neelaam kare) (Pankaj Udhas)
600 _2Madhurani
650 _aGhazals
_xExcerpts
_zIndia
_918694
700 _aBappi Lahiri
_920661
700 _aGulrez
_920662
942 _2ddc
_cGR
999 _c46728
_d46728